Living life to the fullest. (Record no. 14802)

000 -LEADER
fixed length control field 00592nam a2200205 a 4500
001 - CONTROL NUMBER
control field :::00012636$&:&@@
003 - CONTROL NUMBER IDENTIFIER
control field OkBaRHE
005 - DATE AND TIME OF LATEST TRANSACTION
control field 20000607103421.0
008 - FIXED-LENGTH DATA ELEMENTS--GENERAL INFORMATION
fixed length control field s1980 j 000 0 eng u
040 ## - CATALOGING SOURCE
Transcribing agency
100 1# - MAIN ENTRY--PERSONAL NAME
Personal name Kipp, Maxine.
245 10 - TITLE STATEMENT
Title Living life to the fullest.
260 ## - PUBLICATION, DISTRIBUTION, ETC. (IMPRINT)
Place of publication, distribution, etc Springfield, MO., :
Name of publisher, distributor, etc Gospel Publishing House
Date of publication, distribution, etc c1980
300 ## - PHYSICAL DESCRIPTION
Extent 158 p. ;
Dimensions 18 cm.
650 ## - SUBJECT ADDED ENTRY--TOPICAL TERM
Topical term or geographic name as entry element Aged
General subdivision United States
650 ## - SUBJECT ADDED ENTRY--TOPICAL TERM
Topical term or geographic name as entry element Aging
650 ## - SUBJECT ADDED ENTRY--TOPICAL TERM
Topical term or geographic name as entry element Middle Age
942 ## - ADDED ENTRY ELEMENTS (KOHA)
Source of classification or shelving scheme
Koha item type Books
Copies
Source of classification or shelving scheme Shelving location Withdrawn status Lost status Copy number Barcode Date last seen Koha item type Permanent Location Full call number Price effective from Date acquired Damaged status Not for loan
 General Stacks  1126362010-04-14BooksRHEMA Bible Training CollegeHQ 1064 .K52010-04-142010-04-14